000 00425nam a2200193Ia 4500
005 20250423100937.0
008 250422s9999 xx 000 0 und d
020 _a0-13-097763-2
050 _aHM 586 .M33/
100 _aMacionis, John J.
245 0 _aSociology
250 _a9th ed.
260 _aNew Jersey
260 _bPrentice Hall
260 _c2002
300 _a702 p
650 _aSociology
942 _cBK
999 _c34819
_d34819